Discurso del método / (Record no. 157692)

MARC details
000 -CABECERA
campo de control de longitud fija 00712nam a2200229 a 4500
005 - FECHA Y HORA DE LA ÚLTIMA TRANSACCIÓN
campo de control 20240316063746.0
008 - ELEMENTOS DE LONGITUD FIJA--INFORMACIÓN GENERAL
campo de control de longitud fija 120628s2006 ag r 000 0 spa d
020 ## - NÚMERO INTERNACIONAL NORMALIZADO PARA LIBROS
Número Internacional Estándar del Libro 9875506664
035 ## - NÚMERO DE CONTROL DEL SISTEMA
Número de control de sistema UPN01000185589
049 ## - COLECCIÓN
Colección CG
050 #4 - SIGNATURA TOPOGRÁFICA DE LA BIBLIOTECA DEL CONGRESO
Número de clasificación B1848
Número de documento/Ítem D4.38d
100 1# - ASIENTO PRINCIPAL--NOMBRE PERSONAL
Nombre de persona Descartes, René,
Fechas asociadas al nombre 1596-1650
245 10 - MENCIÓN DE TÍTULO
Título Discurso del método /
Mención de responsabilidad, etc. René Descartes ; tr. y pról. Pablo Erramouspe.
260 ## - PUBLICACIÓN, DISTRIBUCIÓN, ETC.
Lugar de publicación, distribución, etc. Buenos Aires :
Nombre del editor, distribuidor, etc. Longseller,
Fecha de publicación, distribución, etc. 2006.
300 ## - DESCRIPCIÓN FÍSICA
Extensión 191 p.
440 #0 - MENCIÓN DE SERIE/ASIENTO SECUNDARIO--TÍTULO
Título Clásicos de siempre.
Nombre de parte o sección de la obra Grandes filósofos ;
Designación de volumen o secuencia 14
534 ## - NOTA SOBRE LA VERSIÓN ORIGINAL
Frase introductoria Título original :
Mención de título del original Discours de la méthode
650 #4 - ASIENTO SECUNDARIO DE MATERIA - TERMINO TEMATICO
Término de materia o nombre geográfico como elemento de entrada Ciencia
Subdivisión general Metodología
9 (RLIN) 5804
650 #4 - ASIENTO SECUNDARIO DE MATERIA - TERMINO TEMATICO
Término de materia o nombre geográfico como elemento de entrada Razonamiento
9 (RLIN) 3600
650 #4 - ASIENTO SECUNDARIO DE MATERIA - TERMINO TEMATICO
Término de materia o nombre geográfico como elemento de entrada Filosofía
9 (RLIN) 5327
905 ## - TIPO DE MATERIAL
Tipo de material Libro
Holdings
Estado de retiro Estado de pérdida Fuente del sistema de clasificación o colocación Estado dañado No para préstamo Código de colección Localización permanente Ubicación/localización actual Ubicación en estantería Fecha de adquisición Total de préstamos Clasificación Código de barras Fecha visto por última vez Fecha del último préstamo Número de copia Tipo de ítem Koha
    Library of Congress Classification     Colección General Bib. Gregorio Torres Quintero Bib. Gregorio Torres Quintero Planta baja 20/02/2023 14 B1848 D4.38d 281078 28/04/2023 17/04/2023 1 Libro